000 007010000a22001810004500
090 _aAR
_b04043
245 1 0 _aResolución N° 191 de 1964
_spor el cual se reservan y declaran como Parques Nacionales Naturales, tres sectores de tierras baldías en el departamento de Magdalena
300 _a3 p.
650 1 4 _aAreas protegidas
_978
650 1 4 _aDeclaración de Parques Nacionales
_997886
650 1 4 _aLegislación ambiental
_992309
650 1 4 _aPolíticas ambientales
_95366
651 4 _pColombia
_992749
041 0 _aEspañol
110 1 _aInstituto Colombiano de la Reforma Agraría
_sINCORA
_997887
260 _aBogotá
_bInstituto Colombiano de la Reforma Agraría
_c1964
942 _cARTICULO
999 _c13076
_d13076